Southville International School and Colleges
Your cart is empty.
  • Cart
  • Lists
    Public lists Eva Luna New books Lux_list list_1
    Your lists Log in to create your own lists
  • Log in to your account
  • Your cookies
  • Search history
Southville International School and Colleges
  • Advanced search
  • Recent comments
  • Most popular
  • Libraries

Log in to your account

Log in with GOOGLE


If you do not have an external account, but do have a local account, you can still log in:

  1. Home
  2. MARC view: The hound of the Baskervilles /
Normal view MARC view ISBD view

The hound of the Baskervilles / (Record no. 7578)

[ view plain ]
MARC details
000 -LEADER
fixed length control field 00842cam a2200277 a 4500
001 - CONTROL NUMBER
control field 2909865
003 - CONTROL NUMBER IDENTIFIER
control field OSt
005 - DATE AND TIME OF LATEST TRANSACTION
control field 20140310181938.0
008 - FIXED-LENGTH DATA ELEMENTS--GENERAL INFORMATION
fixed length control field 880405s1988 nyuaf 000 1 eng
010 ## - LIBRARY OF CONGRESS CONTROL NUMBER
LC control number 88012457
020 ## - INTERNATIONAL STANDARD BOOK NUMBER
International Standard Book Number 345247183125
040 ## - CATALOGING SOURCE
Original cataloging agency DLC
Transcribing agency DLC
Modifying agency DLC
050 00 - LIBRARY OF CONGRESS CALL NUMBER
Classification number PL 4780
Item number .D754 1975
082 00 - DEWEY DECIMAL CLASSIFICATION NUMBER
Classification number CLA
Item number D77h 1975
100 1# - MAIN ENTRY--PERSONAL NAME
Personal name Doyle, Arthur Conan
9 (RLIN) 3466
245 14 - TITLE STATEMENT
Title The hound of the Baskervilles /
Statement of responsibility, etc A. Conan Doyle with an introduction by Don Pendleton
260 ## - PUBLICATION, DISTRIBUTION, ETC. (IMPRINT)
Place of publication, distribution, etc New York :
Name of publisher, distributor, etc Ballantine Books,
Date of publication, distribution, etc c1975.
300 ## - PHYSICAL DESCRIPTION
Extent xiv, 173 p.
Dimensions 18 cm.
541 ## - IMMEDIATE SOURCE OF ACQUISITION NOTE
-- 1
562 ## - COPY AND VERSION IDENTIFICATION NOTE
Number of copies 1
650 #0 - SUBJECT ADDED ENTRY--TOPICAL TERM
Topical term or geographic name as entry element Fiction
Form subdivision Fiction.
9 (RLIN) 3467
651 #0 - SUBJECT ADDED ENTRY--GEOGRAPHIC NAME
Geographic name Dartmoor (England)
Form subdivision Fiction.
9 (RLIN) 3471
655 #7 - INDEX TERM--GENRE/FORM
Genre/form data or focus term Detective and mystery stories.
Source of term gsafd
9 (RLIN) 3472
906 ## - LOCAL DATA ELEMENT F, LDF (RLIN)
a 7
b cbc
c orignew
d 1
e ocip
f 19
g y-gencatlg
942 ## - ADDED ENTRY ELEMENTS (KOHA)
Source of classification or shelving scheme Library of Congress Classification
Koha item type
Call number prefix
Holdings
Withdrawn status Lost status Source of classification or shelving scheme Damaged status Home library Current library Shelving location Date acquired Total Checkouts Full call number Barcode Date last seen Copy number Price effective from Koha item type
    Library of Congress Classification   Luxembourg Library Luxembourg Library Classic Section 07/24/2013   PL 4780 .D754 1975 9616 06/13/2017 1 07/24/2013 Books

The hound of the Baskervilles /

APA

Doyle A. C., . (1975). The hound of the Baskervilles. New York: Ballantine Books.

Chicago

Doyle Arthur Conan, . 1975. The hound of the Baskervilles. New York: Ballantine Books.

Harvard

Doyle A. C., . (1975). The hound of the Baskervilles. New York: Ballantine Books.

MLA

Doyle Arthur Conan, . The hound of the Baskervilles. New York: Ballantine Books. 1975.

  • Place hold
  • Print
  • Cite
  • Add to your cart (remove)
  • Save record
    BIBTEX Dublin Core MARCXML MARC (non-Unicode/MARC-8) MARC (Unicode/UTF-8) MARC (Unicode/UTF-8, Standard) MODS (XML) RIS
  • More searches
    Search for this title in:
    Other Libraries (WorldCat) Other Databases (Google Scholar) Online Stores (Bookfinder.com) Open Library (openlibrary.org)

Exporting to Dublin Core...

SOUTHVILLE LIBRARY

Southville International School and Colleges Library

1281 Tropical Ave. Cor. Luxembourg St., BF Homes International, Las Pinas City

Tel. No. 8256374 / 252358 Loc. 117/146

Powered by Koha